[Event "LSS SB-2008-0-00038"]
[Site "LSS email"]
[Date "2009.01.15"]
[Round "?"]
[White "Wicklund Hansen, Gunnar"]
[Black "Fagnon, Laurent"]
[Result "1/2-1/2"]
[WhiteElo "1874"]
[BlackElo "1845"]
[PlyCount "66"]
[EventDate "2009.01.11"]
[EventType "tourn (corr)"]
[EventRounds "6"]
[EventCountry "GER"]
[SourceTitle "Corr 2011"]
[Source "ChessBase"]
[SourceDate "2010.08.31"]
[SourceVersion "1"]
[SourceVersionDate "2010.08.31"]
[SourceQuality "1"]

1. d4 Nf6 2. c4 g6 3. Nc3 Bg7 4. e4 d6 5. Nf3 0-0 6. Be2 e5 7. 0-0 Nc6 8. d5 Ne7 9. b4 Ne8 10. c5 f5 11. Ng5 Nf6 12. f3 h6 13. Ne6 Bxe6 14. dxe6 d5 15. exd5 Nfxd5 16. Nxd5 Nxd5 17. Bc4 c6 18. Qb3 Qe7 19. Bxd5 cxd5 20. Qxd5 Rad8 21. Qc4 Rfe8 22. Bb2 Qxe6 23. Qxe6+ Rxe6 24. Rad1 Rde8 25. Rd7 R8e7 26. Rfd1 Kf7 27. b5 Rxd7 28. Rxd7+ Re7 29. Rd6 Rc7 30. c6 bxc6 31. bxc6 Bf8 32. Rd7+ Rxd7 33. cxd7 Bc5+ 1/2-1/2

[Event "LSS SB-2008-0-00038"]
[Site "LSS email"]
[Date "2009.01.12"]
[Round "?"]
[White "Fagnon, Laurent"]
[Black "Helmbrecht, John R"]
[Result "1-0"]
[WhiteElo "1838"]
[BlackElo "1791"]
[PlyCount "79"]
[EventDate "2009.01.11"]
[EventType "tourn (corr)"]
[EventRounds "6"]
[EventCountry "GER"]
[SourceTitle "Corr 2011"]
[Source "ChessBase"]
[SourceDate "2010.08.31"]
[SourceVersion "1"]
[SourceVersionDate "2010.08.31"]
[SourceQuality "1"]

1. e4 e5 2. Nf3 Nc6 3. Bb5 a6 4. Ba4 Nf6 5. 0-0 Be7 6. Re1 b5 7. Bb3 d6 8. c3 0-0 9. h3 Bb7 10. d4 Re8 11. Nbd2 Bf8 12. d5 Nb8 13. Nf1 Nbd7 14. N3h2 Nc5 15. Bc2 c6 16. b4 Ncd7 17. dxc6 Bxc6 18. Bg5 h6 19. Bxf6 Nxf6 20. Ng4 Nxg4 21. Qxg4 Bd7 22. Qf3 Rc8 23. Rad1 Be6 24. Bb3 Qd7 25. Rd3 Bc4 26. Bxc4 Rxc4 27. Ne3 Rc6 28. Nd5 Rec8 29. Rd2 Be7 30. a4 Bg5 31. Ra2 Qb7 32. axb5 Qxb5 33. Ra5 Qb7 34. Rea1 Bd8 35. R5a2 Qb5 36. Qe2 Qxe2 37. Rxe2 f5 38. exf5 Kf7 39. Rea2 Bg5 40. Rxa6 1-0

[Event "LSS OP-2008-0-00595"]
[Site "LSS email"]
[Date "2008.08.06"]
[Round "?"]
[White "Masakov, Alexey"]
[Black "Fagnon, Laurent"]
[Result "0-1"]
[WhiteElo "1100"]
[BlackElo "1826"]
[PlyCount "54"]
[EventDate "2008.08.03"]
[EventType "tourn (corr)"]
[EventRounds "4"]
[EventCountry "GER"]
[SourceTitle "Corr 2013"]
[Source "ChessBase"]
[SourceDate "2012.11.12"]
[SourceVersion "1"]
[SourceVersionDate "2012.11.12"]
[SourceQuality "1"]

1. d4 Nf6 2. c4 g6 3. Nc3 Bg7 4. e4 d6 5. Nf3 0-0 6. Be2 e5 7. 0-0 Nc6 8. d5 Ne7 9. Ne1 Nd7 10. Nd3 f5 11. Bd2 Nf6 12. f3 Kh8 13. c5 f4 14. b4 g5 15. cxd6 cxd6 16. Rc1 h5 17. Nb5 Ne8 18. a4 Ng8 19. Qc2 Bd7 20. Qa2 g4 21. Nb2 Qh4 22. Rfd1 g3 23. hxg3 fxg3 24. Be3 Bh6 25. Qb3 Ngf6 26. Rc4 Ng4 27. fxg4 Qh2# 0-1

[Event "IECG CB.2002.0.00062 email"]
[Site "IECG email"]
[Date "2002.11.27"]
[Round "1"]
[White "Fagnon, Laurent"]
[Black "Hun Pin, Ooi"]
[Result "0-1"]
[WhiteElo "1942"]
[BlackElo "1980"]
[PlyCount "52"]
[EventDate "2002.07.22"]
[EventType "tourn (corr)"]
[EventRounds "6"]
[SourceTitle "Corr 2024"]
[Source "ChessBase"]
[SourceDate "2023.10.19"]
[SourceVersion "1"]
[SourceVersionDate "2023.10.19"]
[SourceQuality "1"]

1. e4 e6 2. d4 d5 3. Nc3 Nf6 4. e5 Nfd7 5. Nce2 c5 6. c3 Nc6 7. f4 Qb6 8. Nf3 f6 9. a3 Be7 10. b4 cxd4 11. cxd4 0-0 12. Qd3 Qc7 13. Bd2 a6 14. Nc3 b5 15. Be2 Nb6 16. 0-0 Bd7 17. Kh1 Nc4 18. Rac1 Be8 19. Nd1 Bg6 20. Qb3 fxe5 21. dxe5 Qd7 22. Nc3 Nd4 23. Qa2 Nxe2 24. Nxe2 a5 25. Qb3 axb4 26. Bxb4 Bxb4 0-1

[Event "IECG CB.2002.0.00062 email"]
[Site "IECG email"]
[Date "2002.11.27"]
[Round "1"]
[White "Rahde, Frank"]
[Black "Fagnon, Laurent"]
[Result "1/2-1/2"]
[WhiteElo "1800"]
[BlackElo "1942"]
[PlyCount "55"]
[EventDate "2002.07.22"]
[EventType "tourn (corr)"]
[EventRounds "6"]
[SourceTitle "Corr 2024"]
[Source "ChessBase"]
[SourceDate "2023.10.19"]
[SourceVersion "1"]
[SourceVersionDate "2023.10.19"]
[SourceQuality "1"]

1. c4 Nf6 2. Nc3 e5 3. e4 Nc6 4. g3 Bc5 5. Bg2 0-0 6. h3 d6 7. Nge2 Be6 8. d3 a5 9. 0-0 Nd4 10. Nxd4 Bxd4 11. Ne2 Bb6 12. Kh2 Ne8 13. f4 f6 14. f5 Bf7 15. g4 c6 16. Nc3 Nc7 17. Qf3 Qd7 18. g5 Kh8 19. Qg3 d5 20. cxd5 cxd5 21. g6 Bg8 22. Nd1 Rac8 23. Nf2 Nb5 24. Ng4 Rc2 25. Qh4 dxe4 26. dxe4 Qd3 27. Bh6 Qd7 28. Bc1 1/2-1/2

[Event "IECG CB.2002.0.00062 email"]
[Site "IECG email"]
[Date "2002.11.27"]
[Round "1"]
[White "Verduyckt, Johan"]
[Black "Fagnon, Laurent"]
[Result "1/2-1/2"]
[WhiteElo "1900"]
[BlackElo "1942"]
[PlyCount "29"]
[EventDate "2002.07.22"]
[EventType "tourn (corr)"]
[EventRounds "6"]
[SourceTitle "Corr 2024"]
[Source "ChessBase"]
[SourceDate "2023.10.19"]
[SourceVersion "1"]
[SourceVersionDate "2023.10.19"]
[SourceQuality "1"]

1. d4 Nf6 2. Nf3 e6 3. e3 c5 4. Bd3 b6 5. 0-0 Bb7 6. c4 Be7 7. Nc3 cxd4 8. exd4 d5 9. cxd5 Nxd5 10. Nxd5 Bxd5 11. Bf4 Nc6 12. Ne5 0-0 13. Qh5 g6 14. Nxg6 fxg6 15. Bxg6 1/2-1/2

[Event "IECG CP.2000.P.00025"]
[Site "IECG email"]
[Date "2000.10.01"]
[Round "?"]
[White "Fagnon, Laurent"]
[Black "Jansen, Tonek"]
[Result "1/2-1/2"]
[WhiteElo "1989"]
[BlackElo "1747"]
[PlyCount "66"]
[EventDate "2000.10.01"]
[EventType "tourn (corr)"]
[EventRounds "6"]
[EventCountry "AUS"]
[SourceTitle "Corr 2008"]
[Source "ChessBase"]
[SourceDate "2008.06.24"]
[SourceVersion "1"]
[SourceVersionDate "2008.06.24"]
[SourceQuality "1"]

1. d4 d5 2. Nf3 Nc6 3. g3 Bg4 4. Bg2 Qd7 5. h3 Bh5 6. c3 f6 7. b4 e6 8. Nbd2 Bd6 9. 0-0 e5 10. dxe5 Nxe5 11. Nb3 Nxf3+ 12. exf3 Ne7 13. Be3 0-0 14. Qd2 Rfe8 15. Rfe1 b6 16. f4 c6 17. Nd4 Rad8 18. g4 Bf7 19. f5 Nc8 20. Re2 Be5 21. Rae1 Nd6 22. Bf4 Nc4 23. Qc1 c5 24. bxc5 bxc5 25. Nb3 Qd6 26. Bxe5 Rxe5 27. Nd2 Rxe2 28. Rxe2 Nxd2 29. Qxd2 d4 30. cxd4 cxd4 31. Qd3 Qb4 32. Qd2 Qb5 33. Qb2 Qa5 1/2-1/2

[Event "IECG L1.2000.0.00010 email"]
[Site "IECG email"]
[Date "2000.03.05"]
[Round "?"]
[White "Simon, Holger"]
[Black "Fagnon, Laurent"]
[Result "1-0"]
[WhiteElo "2146"]
[BlackElo "2000"]
[PlyCount "59"]
[EventDate "2000.03.05"]
[EventType "tourn (corr)"]
[EventRounds "14"]
[SourceTitle "Corr 2008"]
[Source "ChessBase"]
[SourceDate "2008.06.24"]
[SourceVersion "1"]
[SourceVersionDate "2008.06.24"]
[SourceQuality "1"]

1. d4 Nf6 2. c4 c5 3. d5 b5 4. cxb5 a6 5. bxa6 g6 6. Nc3 Bxa6 7. e4 Bxf1 8. Kxf1 d6 9. g3 Bg7 10. Kg2 0-0 11. Nf3 Nbd7 12. Re1 Qb6 13. h3 Ne8 14. Qc2 Nc7 15. Bf4 Rfb8 16. Rab1 Nb5 17. Nxb5 Qxb5 18. b3 Qb7 19. Nd2 Ra6 20. Nc4 Rba8 21. a4 Nb6 22. Bd2 f5 23. a5 Nd7 24. b4 fxe4 25. b5 e3 26. Rxe3 Qxd5+ 27. Qe4 Qxe4+ 28. Rxe4 R6a7 29. Rxe7 Bf8 30. Rxd7 1-0

[Event "Cap d'Agde op"]
[Site "Cap d'Agde"]
[Date "1996.04.??"]
[Round "8"]
[White "Fagnon, Laurent"]
[Black "Jeanjean, Dominique"]
[Result "0-1"]
[WhiteElo "2085"]
[BlackElo "2120"]
[PlyCount "46"]
[EventDate "1996.04.??"]
[EventType "swiss"]
[EventRounds "9"]
[EventCountry "FRA"]
[SourceTitle "EXT 2016"]
[Source "ChessBase"]
[SourceDate "2015.10.08"]
[SourceVersion "1"]
[SourceVersionDate "2015.10.08"]
[SourceQuality "1"]

1. e4 e5 2. Nf3 Nc6 3. d4 exd4 4. Bc4 Bc5 5. c3 d3 6. b4 Be7 7. Qb3 Nf6 8. Bxf7+ Kf8 9. e5 Ng4 10. Bh5 Ngxe5 11. Nxe5 Nxe5 12. f4 Bc5 13. Qd1 Bb6 14. g3 Nc4 15. Qxd3 d5 16. Na3 Nxa3 17. Bxa3 g6 18. Bf3 Bf5 19. Qxd5 Qf6 20. b5+ Kg7 21. Bb2 Rhe8+ 22. Kf1 Rad8 23. Qb3 Bh3+ 0-1